00665nam a22002057a 450000500170000001000150001702000270003203500140005903700090007308200120008210000250009424500470011925000060016626000420017227000460021430000200026094200260028099900190030695201340032520250617113656.0 aENG-145420 c1250.00a9789384984427 aEN-128952 bDBAD a305.502 aYadav, Bharat982102 aDr. B.R. Ambedkar/hEnglishb Bharat Yadav a1 c2022bHomage Publication aNew Delhi  a198, Site-1, VikaspuribNew Delhie110018 a208p.c22cm(hb) 2ddccENmYADh305.502 c211848d211848 001040708NFICaZLSbZLSd2025-06-17eDBADg1250.00l0oYAD 305.502pEN-128952r2025-06-17 00:00:00t1v1250.00w2025-06-17yEN